000 00467nam a2200193Ia 4500
008 240510s9999 xx 000 0 und d
020 _a0000077074025
041 _aEng
082 _a005.117
082 _bD16
100 _aDARREL, I.:
245 0 _aOBJECT ORIENTED SOFTWARE ENGINEERING WITH C++
260 _bLONDON : MCGRAW HILL
260 _c1991
300 _a226 p.
650 _aC++ : OBJECT ORIENTED PROGRAMMING :
942 _2ddc
942 _cRBK
999 _c24535
_d24535
945 _a1
_bMadushi Gamage
_c1
_dMadushi Gamage